| 000 | 00980nam a22002777a 4500 | ||
|---|---|---|---|
| 001 | 20566576 | ||
| 003 | NUST | ||
| 005 | 20231024094134.0 | ||
| 008 | 230808b |||||||| |||| 00| 0 eng d | ||
| 020 |
_a978-0-323-48569-2 (Paper back) _c150 |
||
| 040 |
_aNUST _b eng _cNUST _dNUST _erda |
||
| 050 | _a RD593 RAS | ||
| 100 |
_eAuthor _aRaslan, Ahmed M. |
||
| 245 |
_a Functional Neurosurgery and Neuromodulation/ _cAhmed M. Raslan Associate Professor and Kim J. Burchiel Professor . |
||
| 260 |
_aSt. Louis: _bElsevier, _c 2019. |
||
| 300 |
_a|a xii,289 pages: _b|b illustrations; _c|c 23 cm. |
||
| 336 |
_2 rdacontent _a text _b txt |
||
| 337 |
_2 rda media _a unmediated _b n |
||
| 338 |
_2 rdamedia _a volume _bnc |
||
| 504 | _aIncludes Bibliographical References and Index. | ||
| 650 | _xNervous System Surgery | ||
| 650 | _vNeurotransmitters | ||
| 650 | _vNeural Transmission | ||
| 700 |
_eAuthor _aBurchel, Kim J. |
||
| 942 |
_2lcc _cBOOKS _hRD593 _kRD _mRAS _n0 |
||
| 999 |
_c170469 _d170469 |
||